|
|
|
|
| LEADER |
00000nab a2200000 a 4500 |
| 001 |
vtls000454645 |
| 003 |
SK-MaSNL |
| 005 |
20260304020408.0 |
| 008 |
120926c1992 xo 0 slo |
| 015 |
|
|
|a SNBRB19rr/mm-uuuuu
|
| 035 |
|
|
|a CL0454776
|
| 040 |
|
|
|a SNKBUCL
|b slo
|c SNKBUCL
|e AACR2
|
| 041 |
0 |
|
|a slo
|
| 044 |
|
|
|a xo
|c SK
|
| 080 |
|
|
|a 792.2
|2 1981
|
| 100 |
1 |
|
|a Grega, Ľubomír
|4 aut
|9 355455
|
| 245 |
1 |
0 |
|a Životaschopnosť slovenskej klasiky
|c Ľubomír Grega ; Jozef Gregor Tajovský, Ján Sládeček
|
| 300 |
|
|
|b Fot. 1.
|
| 500 |
|
|
|a Réžia Ján Sládeček.
|
| 600 |
1 |
7 |
|a Tajovský, Jozef Gregor,
|d 1874-1940
|2 snkbucl
|9 37212
|
| 610 |
2 |
7 |
|a Divadlo Jonáša Záborského
|2 snkbucl
|9 29722
|
| 651 |
|
7 |
|a 5407
|2 snkbucl
|9 893769
|
| 655 |
|
7 |
|a články z novín a časopisov
|2 snkbucl
|9 267496
|
| 773 |
0 |
|
|t Nové slovo
|g Roč. 2, č. 22 (1992), s. 21
|
| 850 |
|
|
|a Slovenská národná knižnica v Martine
|a MTA001
|
| 852 |
|
|
|a SNK
|b KIS3GCP
|
| 958 |
|
|
|a RK
|
| 992 |
|
|
|a RBX
|
| 999 |
|
|
|c 2598502
|d 2600432
|